| 000 | 00581nam a2200181Ia 4500 | ||
|---|---|---|---|
| 005 | 20250423101717.0 | ||
| 008 | 250422s9999 xx 000 0 und d | ||
| 020 | _a9781774914434 | ||
| 050 | _aTP 248.27 .W46/ | ||
| 100 | _aEdited by Sudheer D.V N. Pamidimarri, Sushma Chauhan, Balasubramanian Velramar | ||
| 245 | 0 | _aWhole-cell biocatalysis | |
| 260 | _aOxon | ||
| 260 | _bCRC Press | ||
| 260 | _c2024 | ||
| 300 | _a640 p | ||
| 650 | _aAnimal cell biotechnology. Microbial biotechnology. Biocatalysis. Cells, Cultured--Industrial applications. Biosynthesis. | ||
| 942 | _cBK | ||
| 999 |
_c37050 _d37050 |
||